000 00388nam a22001457a 4500
003 SGT
020 _a9788173914478
082 _a659
_bF02K
100 _aKaleem Mohammad Khan
245 _aFacets Of Indian Advertising And Consumer Behaviour: An Empirical Approach
260 _aNEW DELHI
_bKanishka Publishers
_c2002
300 _a288
650 _aMASS COMMUNICATION
942 _2ddc
_cBK
999 _c13128
_d13128